000 00389nam a22001217a 4500
040 _cHS
082 _a813
100 _aនុត ចន្ថា
245 _aលិខិតបទដ្ឋានគតិយុត្តិ និងលិខិតទំនាក់ទំនងរដ្ឋបាល
260 _aCambodia
_bនុត ចន្ថា
_c2006
300 _a298p;
942 _cKB
999 _c9949
_d9949